| 000 | 00496nam a2200181 u 4500 | ||
|---|---|---|---|
| 005 | 20220603063704.0 | ||
| 008 | 080623s2003 r 000 0 eng d | ||
| 020 | _a4880125121 | ||
| 035 | _aUPN01000157272 | ||
| 049 | _aI | ||
| 050 | 4 |
_aPZ49.49 _bM5.2 |
|
| 100 | 1 | _aMizuno, Masao | |
| 245 | 1 | 3 |
_aLa banda del bosque / _cMasao Mizuno ; tr. Eduardo Campelo. |
| 260 |
_a[Japón] : _bShinseken, _c2003. |
||
| 300 |
_a30 p. : _bil. col. |
||
| 650 | 4 |
_aCuentos infantiles _96744 |
|
| 905 | _aInfantil | ||
| 999 |
_c129386 _d129386 |
||